| 000 | 00711nam a2200205 a 4500 | ||
|---|---|---|---|
| 001 | BRCA_394 | ||
| 005 | 20190320203006.0 | ||
| 008 | 900924s1989 it-a---###---#000-0#ita-# | ||
| 020 | _a8870194000 | ||
| 040 |
_aDLC _cDLC |
||
| 050 | 4 |
_aN2538 _b.M87 1989 |
|
| 245 | 1 | 0 |
_aMuseo Internazionale delle Ceramiche in Faenza _cA Cura di Gian Carlo Bojani, Carmen Ravanelli Guidotti. |
| 260 |
_aBolonia _bCalderini _cc1989 |
||
| 300 |
_a64 p. _bil. a color _c21 cm. |
||
| 610 | 2 | 4 |
_aMuseo Internacional de la CerĂ¡mica (Faenza, Italia) _vExposiciones _91335 |
| 650 | 1 | 4 |
_aCerĂ¡mica italiana _vExposiciones _xHistoria _91336 |
| 700 | 1 |
_aBojani, Gian Carlo _91337 |
|
| 700 | 1 |
_aRavanelli Guidotti, Carmen _91338 |
|
| 942 |
_2lcc _cB |
||
| 999 |
_c329 _d329 |
||